00449nam a2200109Ia 4500008004100000100003300041245012800074260002500202300002000227650001400247856007800261160712s9999 xx 000 0 und d aMoratilla, Noel Christian A. cNoel Christian A. MoratillaaSpeaking of the Subaltern: Subjectives and Resistance in the Testimonial Narratives of Workers c2011bDiliman Review avol. 58 no. 1-4 xSUBALTERN uhttp://journals.upd.edu.ph/index.php/dilimanreview/issue/view/513/showToc